00750nam a2200181 a 4500003000200000005001700002008004100019050003100060100003100091245012000122260009200242300004800334504004100382650002900423650005200452650002800504650003600532020250618160519.0021121s19uu xx 00 eng d aPGS LB 1044.88b.C112 2000 aCabañez, Alia Maureen A. aThe use of learning resources of selected students of Southville International School /cAlia Maureen A. Cabañez. aLas Piñas City, Philippines : bSouthville International School and Colleges,c2000. a24 pages :bcolored illustrations ;c28 cm. aIncludes bibliographical references. aInstructional materials. aElementary school students vBooks and reading. aEducational technology. aSchool libraries vUse studies.